000 00877cam a22002412 4500
001 0000021523
005 20151217152234.0
008 120710s xx 000 0 eng d
020 _a019926692 :
040 _aKABU
_cKABU
100 1 _aProsser, Tony.
_@0000182434
245 1 4 _aThe Limits of competition law :
_bmarkets and public services /
_cTony Prosser.
250 _a1st ed.
260 _aOxford :
_bO. U. P.,
_c2005.
300 _axxvi, 262 p.
650 0 _aCompetition, Unfair
_zEuropean Union countries.
_@0000182435
650 0 _aPublic utilities
_xLaw and legislation.
_zEuropean Union countries.
_@0000182436
852 1 _9p9425 KES
852 1 _9p9425 KES
852 1 _9p9425 KES
908 _a120710
950 _@1
999 _c9706
_d9706